[Event "Moscow FIDE GP"]
[Site "Moscow"]
[Date "2017.05.12"]
[Round "1"]
[White "Giri, Anish"]
[Black "Gelfand, Boris"]
[Result "1/2-1/2"]
[WhiteElo "2785"]
[BlackElo "2724"]
[Annotator "Mekhitarian,K"]
[PlyCount "67"]
[EventDate "2017.05.12"]
[EventType "swiss"]
[EventRounds "9"]
[EventCountry "RUS"]
[SourceTitle "CBM 179"]
[Source "ChessBase"]
[SourceDate "2017.07.12"]
[SourceVersion "1"]
[SourceVersionDate "2017.07.12"]
[SourceQuality "1"]

1. e4 c5 2. Nc3 Nc6 3. Nf3 g6 {Gelfand himself, as a Sveshnikov player, has
played 3...e5 in this position numerous times, avoiding the Open Sicilian. But
he had something different in mind for this game. He has tried the Accelerated
Dragon in a couple of games recently, and he does it again.} (3... e5 $5) 4. d4
cxd4 5. Nxd4 Bg7 6. Be3 Nf6 7. Bc4 O-O 8. Bb3 d5 $5 {This idea was invented
back in 1960 by Livo Nei, a notable Estonian chess player and former second of
world champion Boris Spassky in his match against Fischer.} 9. exd5 Na5 10. Qd2
(10. Qf3 $5 {is another critical line played by Karjakin, a notable 1.e4 expert
} Nxb3 (10... Bg4 11. Qg3 Bh5 $5) 11. axb3 Bg4 12. Qg3 Bh5 13. d6 $5 $146 Ng4
14. O-O-O Qa5 15. dxe7 Rfe8 16. Rde1 (16. Qd6 $5 {played by Ponomariov against
Gelfand in a rapid game in 2016} Be5 (16... Nxe3 {was critical} 17. fxe3 Bxd1
18. Rxd1 Be5 19. Qd7 Qa1+ 20. Kd2 Qxb2 21. Nd5 $13 {with a bizarre position,
the computer gives equality (what a surprise!)}) 17. Qd5 Qc7 $2 (17... Qxd5 18.
Nxd5 Nxe3 19. fxe3 Bxd1 20. Rxd1 $13 {would also be unclear}) 18. Rd3 Rxe7 19.
h3 Nxe3 20. fxe3 {threatening g4} g5 21. Nf5 Re6 22. Ne4 Bg6 23. g4 $16 {
1-0 (36) Ponomariov,R (2709)-Gelfand,B (2743) Tashkent 2016, and White has a
great advantage already.}) 16... Rxe7 (16... Nxe3 $5 {with big compensation
for Black}) 17. Kb1 Rae8 18. h3 Nxe3 19. fxe3 g5 $44 {1-0 (50) Karjakin,S 
(2766)-Dubov,D (2655) Doha 2015}) 10... Nxb3 11. Nxb3 b5 $1 {It's amazing that
Nei played this move 57 years ago!} 12. Nxb5 (12. O-O-O $6 b4 13. Na4 a5 $6 (
13... Bf5 $1 $40 {[%csl Rc2] with a quick ...Rc8, White may end up in trouble})
14. Nbc5 Ba6 15. Nxa6 Rxa6 16. Nc5 Rb6 17. f3 $13 Qa8 $2 18. Ne6 $1 $16 {
1-0 (29) Gabrielian,A (2526)-Matjushin,G (2419) Taganrog 2017}) 12... Qxd5 (
12... Ne4 $5 {a challenging move} 13. Qb4 a6 14. Na7 $1 {not obvious, but
logical - apart from Qxe4, Nc6 is a serious threat} (14. Qxe4 $2 axb5 15. Bd4
Ra4 $1 16. c3 Bb7 {Black is already better} 17. Qc2 Qxd5 18. f3 Bxd4 19. cxd4
Rc8 20. Qd3 b4 $17 21. Kf2 Ba6 22. Qd1 Bc4 23. Re1 $4 Rxa2 $1 {0-1 (23)
Timofeev,A (2584)-Smirnov,P (2595) Khanty-Mansiysk 2016}) 14... Qxd5 15. Rd1
Qb7 (15... Qe6 $5 $44) 16. Qxb7 Bxb7 17. Na5 Nc3 18. Nxb7 Nxd1 19. Kxd1 Rfb8
$13 {followed by ...Rxb2, with a weird endgame.}) (12... Bf5 $2 13. c4 $1 Ne4
14. Qe2 Bd7 15. Bd4 Nf6 16. Nc3 e5 17. Be3 $18 {1-0 (28) Kondratiev,P-Nei,I
Leningrad 1960 The opening experiment has clearly failed, but still, it was
very impressive to find the idea until 11...b5! so long ago.}) 13. Qxd5 Nxd5
14. Bd4 Nb4 $146 (14... Rb8 {was the precedent from 2015, and also the move
Gelfand himself played two days after this game with Giri!} 15. Bxg7 Kxg7 16.
Na3 Nb4 17. O-O-O (17. O-O e5 $6 (17... Nc6 $1 $146 {this very
counter-intuitive move followed by ...a5 (and ...Bf5) is strong, and solves
Black's opening problems}) 18. f4 $6 (18. Nc5 $1 $16 {controlling d3, and
following with c3, gives White the advantage}) 18... Bf5 19. fxe5 Nxc2 20. Nxc2
Bxc2 21. Rf3 Bxb3 22. Rxb3 Rxb3 23. axb3 Rb8 $11 {1/2-1/2 (42) Saric,I (2647)
-Yakovich,Y (2515) Sochi 2015}) 17... Nxa2+ 18. Kb1 Nb4 19. Rhe1 Re8 20. Rd2
Bb7 21. c3 Nd5 22. Kc2 Rec8 23. Rd4 Ba8 $11 {½-½ (43) Vachier Lagrave,M 
(2795)-Gelfand,B (2724) Moscow 2017, and Black equalised without much trouble.}
) 15. O-O-O $6 (15. Bxg7 $1 {would be the same position as in the game,
without allowing 15...Bh6+!} Kxg7 16. O-O-O Nxa2+ 17. Kb1 Nb4 18. Rhe1 {
-- 15.0-0-0}) 15... Nxa2+ $6 (15... Bh6+ $1 16. Kb1 Bf5 17. Na3 (17. Na1 Rfb8
$1 (17... Rfc8 $5) 18. Nc7 (18. Nc3 a5 $1 $36) 18... Nxc2 19. Nxc2 Rc8 20. Nxa8
Bxc2+ 21. Ka1 Bxd1 22. Rxd1 Rd8 $1 (22... Rxa8 $2 23. Bc5 $16 {and White is
better, with b4 to come, and a dangerous kingside pawn majority}) 23. Nc7 Bg7
$11 {with a balanced endgame.}) 17... Rfc8 18. Bc3 Rab8 $36 {looked very scary
for White, ...a5 is the next move.}) 16. Kb1 Nb4 17. Bxg7 Kxg7 18. Rhe1 {
Black has won the pawn back, but Giri retains a small initiative.} Bf5 (18...
Kf6 $5) 19. N3d4 Kf6 20. Nxf5 gxf5 {This is the critical position, if White
wants to try something for a win. As the game was played, Gelfand was able to
equalise.} 21. Rd4 $6 (21. c3 $1 Nc6 22. Nc7 Rad8 23. Nd5+ Kg7 24. Kc2 e6 25.
Ne3 $16 {with good prospects for White - the pawn majority on the queenside,
added to the good placement of his own pieces, would have given Giri chances
to play for a win slowly.}) 21... a5 22. g4 $6 {White tries to create some
initiative, but Gelfand correctly stops it.} Rg8 (22... Rad8 $1 $11 {was also
fine.}) 23. h3 (23. gxf5 Rg2 $132 {with enough counterplay.}) 23... h5 $1 24.
gxf5 Rad8 $1 25. Rf4 Rd5 26. Nc3 Rxf5 27. Ne4+ Kg6 28. Rxf5 Kxf5 29. Ng3+ Kg6
30. Rxe7 {White wins a pawn, but Black becomes very active.} Rd8 $1 31. Kc1 (
31. Re1 Rd2 32. c3 Nd3 33. Re2 Rxe2 34. Nxe2 Nxf2 $11 {with a weird endgame,
that should be a draw.}) 31... Na2+ 32. Kb1 Nb4 33. Kc1 Na2+ 34. Kb1 1/2-1/2

[Event "Petrosian Memorial Internet"]
[Site "ICC INT"]
[Date "2004.12.20"]
[Round "3"]
[White "Nataf, Igor Alexandre"]
[Black "Zvjaginsev, Vadim"]
[Result "1/2-1/2"]
[WhiteElo "2565"]
[BlackElo "2650"]
[Annotator "Mikhalevski,V"]
[PlyCount "39"]
[EventDate "2004.12.18"]
[EventType "team"]
[EventRounds "6"]
[EventCountry "USA"]
[SourceTitle "CBM 105"]
[Source "ChessBase"]
[SourceDate "2005.04.11"]
[SourceVersion "1"]
[SourceVersionDate "2005.04.11"]
[SourceQuality "1"]

1. e4 c5 2. Nf3 Nc6 3. d4 cxd4 4. Nxd4 g6 5. Nc3 Bg7 6. Be3 Nf6 7. Bc4 O-O 8.
Bb3 e6 {An uncommon line.} (8... a5 {is more popular. See Motylev,
A-Tseshkovsky,V RUS-ch, Moscow 2004/ CBM104[Mikhalevski,V]}) ({while} 8... d6 {
transposes into Dragon.}) 9. f4 d6 {Frankly speaking I don't see much sense in
this setup. Regular Dragon looks better, but I'm not an expert and so let's
give a word to Vadim Zviaginsev.} ({Earlier Vadim tested} 9... Ng4 $6 {However
this move will remain in our memory as an unsuccessful attempt to equalize due
to the following:} 10. Qxg4 $1 {An improvement over Svidler's 10.Bg1. With an
agressive play on the kingside and over the dark-squares Grischuk crushes
Zviaginsev's defense in style.} (10. Bg1 {promised no advantage in view of} e5
$1 11. Nxc6 dxc6 12. Qxd8 Rxd8 13. h3 Nf6 14. fxe5 Ne8 15. Bh2 Nc7 16. O-O Be6
17. Rad1 Bxb3 18. axb3 Ne6 19. Bg3 {and a draw was agreed in Svidler,
P-Zvjaginsev,V/Pojkovsky 2003.}) 10... Nxd4 11. O-O-O Nxb3+ 12. axb3 Qa5 13.
Kb1 f5 14. Qg5 Bf6 15. Qg3 Bxc3 16. bxc3 fxe4 17. h4 $1 {[%csl Rg8]} Qh5 18.
Qf2 a5 19. g4 $1 Qb5 20. Rd6 a4 21. Rb6 Qa5 22. b4 $16 {1-0 Grischuk,
A-Zvjaginsev,V/Poikovsky RUS 2004/The Week in Chess 489 (34). Alexander
prevented any possible counterplay and soon launched a decisive attack on the
black king.}) ({Black also tested} 9... d5 10. e5 Nd7 {, which doesn't promise
full equality.}) 10. Ndb5 {A not very fortunate novelty. White had certainly
missed the following brilliant tactical blow.} ({A better novelty was
introduced only two weeks later by ex-European Champion.} 10. Qf3 $1 Nxd4 11.
Bxd4 Bd7 12. O-O-O Bc6 {, but here allowed to sacrifice the queen} 13. Be5 ({
I believe White has to fight for advantage with} 13. g4 $5 {[%cal Gg4g5]})
13... dxe5 $1 14. Rxd8 Raxd8 15. fxe5 Nd7 {and Black obtained good
compensation for the sacrificed piece. See Macieja,B-Carlssen,M/Smartfish 2004/
05; CBM 105[Mikhalevski,V]}) ({Earlier this positon occuried only in the games
of relatively weak players. They tried three different ideas.} 10. h3 $5 Nxd4 (
10... Nh5 $5) 11. Bxd4 Nh5 $1 12. O-O Bxd4+ 13. Qxd4 Nxf4 $1 14. e5 (14. Rxf4
$2 e5 {[%csl Rd4,Rf4]}) 14... dxe5 15. Qxe5 Nh5 16. Rad1 {0-1 Schaffarczyk,
A-Cicak,S/Bad Zwesten 1998/EXT 2000 (32). (32)} (16. Ne4 $5 {was also
interesting.}) 16... Qb6+ $5 17. Kh1 f6 18. Qe1 {with compensation for the
sacrificed pawn.}) (10. Qd2 $6 Ng4 (10... Nxd4 11. Bxd4 b5 12. e5 $6 dxe5 13.
fxe5 Ng4 14. Qf4 $6 (14. Nxb5 $142 $11) 14... Qh4+ 15. g3 Qh5 16. Qf3 Rb8 17.
O-O-O Bb7 18. Ne4 Qf5 $1 $17 {[%csl Re4] 0-1 Getta,M-Alvarez Ibarra,R/San
Sebastian 2000/EXT 2001 (28)}) 11. Bg1 a6 $2 12. O-O-O Qc7 $2 13. h3 (13. Nxc6
Qxc6 14. Qxd6 Bxc3 15. Qxc6 bxc6 16. bxc3 $16) 13... Nf6 14. Nxc6 Qxc6 15. Qxd6
$16 {1-0 Alvir,A-Karner,A/Austria 2001/EXT 2003 (39)}) (10. O-O Ne8 $6 11. f5 (
11. Qd2 $5) 11... Qb6 $2 12. Na4 $2 (12. fxe6 $1 Bxe6 $1 13. Nf5 $1 $16) 12...
Bxd4 13. Nxb6 Bxe3+ 14. Kh1 Bxb6 $11 {1/2-1/2 Saur,M-Akin,S/Lindau 2002/EXT
2003 (33)}) {[%tqu "En","Try to find how Black had refuted this natural move.",
"","","f6e4","",10]} 10... Nxe4 $1 {This move comes like a complete shock.
Black gives up a knight for a pawn. What for? However soon we realize what was
prepared by Vadim.} 11. Nxe4 d5 {Suddenly it turns out that White can't keep
his extra piece. Hard to believe, but a fact!} 12. Ned6 $1 {White correctly
goes into an equal endgame.} (12. Nd2 {is dangerous.} a6 {[%csl Rb5] Suddenly
the knight is traped.} 13. Bc5 (13. Na3 $2 Bxb2 14. Bc5 b6 $1 15. Bxf8 Qxf8 $17
{[%csl Ra3]}) ({or} 13. Nc3 $2 d4) 13... axb5 14. Bxf8 Qxf8 $44 {[%cal Gf8c5,
Rg7b2] with a strong compensation for the sacrificed exchange.}) 12... a6 13.
Nxc8 $1 {The only move again.} (13. c3 $6 {doesn't deserve attention.} axb5 14.
Nxb5 Qh4+ $1 15. g3 Qh3 16. Qe2 Na5 $1 17. Bc2 Nc4 {and Black is better.})
13... axb5 14. Nb6 {White has no choice.} (14. Bc5 $2 {is bad in view of} Qa5+
15. c3 Rfxc8 $17 {and Black is simply a pawn up.}) 14... Ra6 $1 {[%cal Ga6b6,
Gd5d4] Poor white knights are being traped one after another. The positional
sacrifice on b6 as well as 14...d4 can't be allowed and so White's move is
again forced.} 15. Nxd5 $1 (15. c3 $2 d4 {is bad for White.}) 15... exd5 16.
Qxd5 Bxb2 $1 ({Worse is} 16... Qxd5 17. Bxd5 Nb4 18. Bb3 $1 (18. O-O-O Nxa2+ $1
19. Bxa2 (19. Kb1 $2 {allows a very unpleasant piece sacrifice.} Nc3+ 20. bxc3
Bxc3 21. Ba2 Rfa8 22. Bd4 b4 $1 $17) 19... Rxa2 20. c3 {with approximately
equal position. For example} b4 $5 (20... Rfa8 $5 21. Bc5 R2a4 22. Bd6 Bf8 $11)
21. Bc5 bxc3 22. Bxf8 cxb2+ 23. Kc2 Kxf8 $11) 18... Bxb2 19. Rd1 Rc8 {[%cal
Gb4c2]} 20. Rd7 $1 $14) 17. Qxd8 {White forces a draw.} (17. Rd1 $1 {was worth
trying.}) 17... Rxd8 18. Rd1 ({or} 18. Rb1 Bd4 $1 $11 {and Black has no
problems to equalize.}) 18... Rxd1+ 19. Kxd1 Nd4 $1 $11 {Exchanging one of the
bishops Black fully equalizes.} 20. Bxd4 {A short, but very interesting game.}
1/2-1/2

[Event "RUS-ch 57th"]
[Site "Moscow"]
[Date "2004.11.24"]
[Round "8"]
[White "Motylev, Alexander"]
[Black "Tseshkovsky, Vitaly"]
[Result "1-0"]
[WhiteElo "2651"]
[BlackElo "2577"]
[Annotator "Mikhalevski,V"]
[PlyCount "145"]
[EventDate "2004.11.15"]
[EventType "tourn"]
[EventRounds "11"]
[EventCountry "RUS"]
[EventCategory "18"]
[SourceTitle "CBM 104"]
[Source "ChessBase"]
[SourceDate "2005.01.27"]
[SourceVersion "1"]
[SourceVersionDate "2005.01.27"]
[SourceQuality "1"]

1. e4 c5 2. Nf3 g6 3. d4 Bg7 4. Nc3 cxd4 5. Nxd4 Nc6 6. Be3 Nf6 7. Bc4 O-O 8.
Bb3 a5 9. O-O d6 10. Ndb5 {I can hardly understand why Black goes for this
position as it simply looks like a clear advantage for White. Moreover the
results confirm this evaluation. Nevertheless strong players like Malakhov,
Efimenko and Tseshkovsky believe in Black'sposition.} Bd7 {[%cal Ga5a4] It's
funny that only this move wasn't covered in the last magazine. In fact this is
another way to force a4.} (10... b6 {occuried in the game Nataf,IA-Efimenko,Z,
Montreal-A 2004. This game as well as other possibilities on the 10th move of
black can be found in CBM103[Mikhalevski,V].}) 11. f3 {[%csl Ge4] Protecting
the e4-pawn White prevents a4.} ({Earier this year White tested} 11. Qe2 {
and obtained a clear advantage after dubious play of Black.} Ng4 12. Bg5 h6 13.
Bd2 e5 $2 (13... Nf6 $142) 14. h3 Nd4 15. Qd3 $16 {1-0 Kupreichik,V-Lavretzkij,
R/Minsk BLR 2004/The Week in Chess 495 (34). (34)}) 11... Ne5 {[%cal Ga5a4]
Renewing the idea of a4.} ({Black also tried} 11... Nb4 {with the same idea.}
12. Qe2 Bc6 13. Na4 $14 {1-0 Ibarra Jerez,J-Ducros Salva,A/Mondariz 2003/EXT
2004 (42). (41)} (13. a3 $1 Na6 14. Rad1 $16)) ({Immediate} 11... a4 $2 {
is just bad:} 12. Nxa4 Nb4 13. c4 Bxb5 $2 14. cxb5 Qa5 15. a3 {[%csl Rb4] 1-0
Cheparinov,I-Alonso Sanchez,V/Malaga 2003/CBM 92 ext (15).}) 12. a4 {White
stabilizes position on the queenside. The only drawback of the move is giving
up the b4-square.} (12. Qe2 {[%csl Gb5] protecting the b5-knight and preparing
Rad1 is also worth considering.}) 12... Rc8 {[%cal Ge5c4]} 13. Qe2 Be6 $1 {
[%csl Gc4] Black is fighing for the c4-square.} 14. Bxe6 (14. Nd5 $5 {is
interesting with the idea to prevent activity of the black pieces on the
queenside.}) 14... fxe6 15. b3 {[%csl Rc2,Gc4] White covers the c4-square, but
his c2-pawn may become a target.} (15. Na7 $5 {distracts the rook from the
c4-square and thus gives White some extra time.} Ra8 16. Rad1 $14) 15... Nc6 {
[%csl Rc2][%cal Gc6b4] The knight goes to b4 to create additional pressure on
c2.} 16. Qd2 {White is dealing more with the idea of Nh5-f4, which is not
really dangerous than with the weakness of the c2-pawn.} ({Another way to the
queenside is} 16. Rad1 $1 Nb4 17. Rd2 {[%cal Gc3b1,Gc2c3] preparing Nb1
followed by c3.}) 16... Nb4 17. Nd4 Qd7 {It seems that White lost the tread,
however his position is still better and he finds the right way to improve it.}
18. Rac1 $1 {[%csl Rc2]} e5 19. Ndb5 e6 {[%cal Gd6d5] Black prepares a typical
break in the centre and thus forces White to go for the following line:} 20.
Bb6 $1 {Motylev accepts the challenge.} d5 21. Bxa5 Nc6 22. Bb6 dxe4 23. Nxe4
$1 ({Of course not} 23. Qxd7 $6 Nxd7 {[%csl Rb6][%cal Ge4f3]}) 23... Qxd2 24.
Nxd2 Bh6 $1 {[%csl Rc1,Rd2]} 25. Rcd1 Nd5 26. Bf2 Na5 $1 {[%csl Rc2] Probably
Black prepared this idea playing e6 or he simply has a good feel of initiative.
Now it's not easy to protect the c2-pawn.} 27. Na3 $1 {A strong exchange
sacrifice. White prefers to keep a better pawn structure an exchange down over
a positional advantage with an equal material.} (27. Ne4 Rxc2 $14) 27... Nc3
28. Bb6 $1 Nc6 29. Ne4 $1 {[%csl Re5,Re6] The knight comes to the best
blocking square.} Nxd1 30. Rxd1 Nd4 $1 31. Bxd4 exd4 32. Kf1 Rfd8 33. Ke2 Bf8
34. Nc4 Be7 35. Kd3 $14 {This is the position White was striving for sacrifing
an exchange. The knights are extremely strong, however it's not easy to break
Black's defense.} Rc7 36. Re1 {[%csl Re6]} Rd5 37. Nb6 Rh5 38. h3 Rc6 39. Nc4
Rd5 40. f4 $1 {[%cal Gg2g3,Gh3h4] Now White improves pawn structure on the
kingside.} Rd8 41. g3 $1 Kg7 42. h4 h6 43. Ne5 Rc7 44. Nc4 Rc6 45. Ne5 Rc7 46.
Nc4 Rc6 47. Re2 {Certainly White is not going to repeat the moves as his
position is better.} Rd5 48. Ned2 {[%cal Gd2f3]} g5 $1 {Black has to trade
some pawns to simplify the defense.} 49. hxg5 hxg5 50. Nf3 $1 gxf4 51. gxf4 $16
{[%csl Rd4,Re6]} Bf6 (51... Bc5 $5) 52. Nfe5 $5 ({White doesn't want to win
the d4-pawn yet as it would force him to trade a knight for the "bad" bishop
and which is even more important a pair of rooks.} 52. Re4) 52... Bxe5 53. fxe5
Rc7 $2 {Tired veteran commits a serious error.} (53... Rc8 $1 {allows Black to
keep the d4-pawn for a while:} 54. Rg2+ $1 Kh7 55. Rg4 Rcd8 {and White still
has to show how to make progress.}) 54. Re4 $1 {[%csl Rd4]} Kf8 ({Now} 54...
Rcd7 $2 {is just bad in view of} 55. Nb6 {[%csl Rd5,Rd7]}) ({The position
which arises after} 54... Rf7 55. Rxd4 Rf3+ 56. Ke4 Rf4+ 57. Kxf4 Rxd4+ 58. Ke3
Rd5 59. Ke4 {could also arise in the game with the black king on f8.}) 55. Rxd4
Ke7 (55... Rcd7 $5 {could lead to transposition after} 56. c3 $1 (56. Rxd5
Rxd5+ 57. Ke4 {Compare with 54...Rf7.}) 56... Ke7) 56. a5 Rcd7 57. c3 Rxd4+ (
57... Rb5 $5 {looks like a tougher defense.} 58. b4 Rxd4+ 59. Kxd4 Rd5+) 58.
cxd4 Kd8 59. Nb6 Rc7 $6 ({I believe it would be better to keep the rook more
active.} 59... Rh7 60. Na4 Kc7 61. Nc5 Rh6 {[%cal Gb7b6]}) 60. Na4 $1 {[%cal
Ga4c5] The knight goes to c5. A nice winning manoeuvre, which was probably
missed by Tseshkovsky.} Re7 {A sad necessity. Black has to agree to a passive
defense.} 61. Kc4 Kc7 62. Kb5 $1 $18 {Not allowing to trade the a-pawn.} (62.
Nc5 b6) 62... Rh7 63. Nc5 Rh6 64. b4 Rg6 65. a6 $1 {Now the b-pawn goes
forward with the decisive effect.} bxa6+ ({Also hopeless} 65... b6 66. a7 Rg8
67. Nxe6+ Kb7 68. d5 $18) 66. Kxa6 Kc6 (66... Rg1 67. Nxe6+ Kd7 68. Nc5+ {
should be also enough for a win.}) 67. b5+ Kd5 68. b6 Rg1 (68... Kxd4 $5 69. b7
Rg8 70. Nd7 {[%csl Ge5][%cal Ga6a7,Ga6b6,Gb6c7] White keeps the e5-pawn and
threatens to win the rook.} Rd8 {The last try, but the position after} 71. Kb6
{[%cal Gb6c7]} Rxd7 72. b8=Q Rd5 73. Qd6 {is a theoretical win for White.
Nevertheless this would be the best practical chance.}) 69. b7 Rb1 70. Ka7 Kxd4
71. Nd7 Ra1+ 72. Kb6 Rb1+ 73. Kc7 {A nice technical win of Motylev despite or
thanks to a very good fight which was given byTseshkovsky.} 1-0